000 00479nam a22001457a 4500
999 _c529258
_d529258
020 _a9781408864418
082 _aA6x54 D169
100 _aDalrymple, William
_951174
245 _aThe Golden Road: How Ancient India Transformed the World
_cby William Dalrymple
260 _aGreat Britain
_bBloomsbury Publishing
_c2024
300 _a482+p.
650 _aIndia. History, 324 B.C. - 1000 A.D.
_951175
650 _aIndia - Civilization
_951176
650 _aIndia - Influence
_951177